LEADER 01320nam a2200313 a 4500 001 000000126244 003 CaOOAMICUS 005 20110908141058.0 008 110908s2005 it u000 u ita r 020 $a978-88-430-3318-8 040 $aPUL$bita 082 04$a035 100 1 $aLombardo, Caterina.$0(OLS)http://pul/name/80290 245 13$aLe emozioni :$bdalle teorie alle persone /$cCaterina Lombardo Maurizio Cardaci. 260 $aRoma :$bCarocci,$c©2005. 300 $a117 p. ;$c22 cm. 490 1 $aQuality paperbacks ;$v147 504 $aComprende riferimenti bibliografici e indice. 650 4$aEmozioni$xPsicologia.$0(OLS)http://pul/subject/22116 700 1 $aCardaci, Maurizio.$0(OLS)http://pul/name/80291 830 0$aQuality paperbacks (Carocci) ;$v147.$0(OLS)http://pul/title/103487 850 $aPUL 852 $aPUL$W1$xDP2 Cons. Gen., Altre Classi 3$y97$m035 COLL 1.147$j145610$a3. rist. del 2010$qDDC 21$B144470$CPULBib$Z2$F144470 $H116398 $82 941 1 $a9 996 $6020$a978-88-430-3318-8$9(OLS)http://pul/number/147922 996 $6082$a035$9(OLS)http://pul/classification/471 996 $6245$aLe emozioni :$bdalle teorie alle persone$9(OLS)http://pul/title/159415 996 $6260$aRoma :$bCarocci$9(OLS)http://pul/publisher/66917 LEADER 01078nam a2200289 a 4500 001 000000030614 003 CaOOAMICUS 005 20111006111049.0 008 970918s1964 fr u000 u fre r 035 $a10769759 040 $aPUL(R)$bita 082 04$a220 100 1 $aViard, André,$cO.P.$0(OLS)http://pul/name/24630 245 10$aSaint Paul :$bEpitre aux Galatas /$cpar André Viard, O.P. 260 $aParis :$bJ. Gabalda,$c1964. 300 $a127 p.; ;$c23 cm 490 1 $aSources bibliques 630 04$aBiblia.$pN.T.$pPauli epistolae.$0(OLS)http://pul/subject/37973 830 0$aSources bibliques.$0(OLS)http://pul/title/18864 850 $aPUL 852 $aPUL$W1$xSL Religione 3$y85$m220 COLL 1.13$j146230$nBK-PRI$qDDC 21$B42321$CPULBib$Z2$F42321 $H25080 $82 941 1 $a9 961 $aINV: 25080. 996 $6082$a220$9(OLS)http://pul/classification/523 996 $6245$aSaint Paul :$bEpitre aux Galatas$9(OLS)http://pul/title/42046 996 $6260$aParis :$bJ. Gabalda$9(OLS)http://pul/publisher/48260